000 01069nam0a22003011 4500
001 RU\NLR\INFOCOMM_195\5000048409
005 20250613092548.0
035 _a(NLR Aleph) 009167813
090 _a8494091
_c8494091
100 _a20100216d1968 |||y0rusy50 ca
101 0 _afre
102 _aRU
105 _ay ||||000|y
200 1 _aLe maoïsme tel qu'il est
_fFedor Bourlatski
210 _aΜ.
_cÉd. de l'Agence de presse "Novosti"
_d[1968]
215 _a121 с.
_d16 см
300 _aна обл. авт. не указан
300 _aВ вып. дан.: Ф. Бурлацкий. Маоизм, как он есть
601 0 2 _aКоммунистическая партия Китая
_2nlr_sh1
606 _aКультурная революция в Китае
_2nlr_sh1
686 _aИВ-791[Т3(5Кит)7, 0]
_2rubbk
700 1 _9z01790
_aBurlackij
_bF. M.
_gFedor Michajlovič
_4070
790 1 _9z01700
_aBourlatski
_bF.
_gFedor
_4070
801 1 _aRU
_bNLR
_c20100216
801 0 _aRU
_bNLR
_gPSBO
852 _aNLR
_jИ91 Д-1/15
942 _cBOOK
980 _aNB